| 000 | 00435nam a2200145Ia 4500 | ||
|---|---|---|---|
| 008 | 220217s9999||||xx |||||||||||||| ||und|| | ||
| 020 | _a978-81-317-1981-7 | ||
| 082 | _a004 ANF | ||
| 100 | _aAnfinson, David and Quamme, Ken | ||
| 245 | 0 | _aIT essentials: PC hardware and software companion guide | |
| 250 | _a3rd | ||
| 260 |
_aPearson education of asia _bNew Delhi _c2008 |
||
| 300 | _b550 | ||
| 650 | _aUPGRADING AND REPAIRING | ||
| 999 |
_c177044 _d177044 |
||